Coupe du Monde Qatar 2022: les équipes déjà qualifiées - Statistiques

Statistiques générales
  • Ce quiz a été pris 432 fois
    290 depuis la dernière actualisation
  • Le résultat moyen est 28 sur 32
Statistiques - réponses
Réponse % Correct
France
98%
Brésil
96%
Qatar
96%
Argentine
95%
Espagne
95%
Maroc
94%
Portugal
94%
Allemagne
93%
Etats-Unis
93%
Canada
92%
Japon
92%
Angleterre
91%
Sénégal
89%
Belgique
88%
Mexique
88%
Danemark
86%
Suisse
86%
Uruguay
86%
Croatie
85%
Tunisie
85%
Australie
84%
Corée du Sud
84%
Pays-Bas
84%
Pologne
83%
Arabie Saoudite
82%
Cameroun
82%
Ghana
78%
Equateur
77%
Iran
76%
Pays de Galles
74%
Serbie
70%
Costa Rica
69%
Aucun quiz correspondant
Distribution des résultats
% des personnes avec chaque résultat
Percentile par nombre de réponses
Votre historique - résultats
Vous n’avez pas pris ce quiz depuis la dernière actualisation